Su Manshu [1884-1918] : a study of his literary works and his contribution to Chinese literature /
Saved in:
| Main Author: | |
|---|---|
| Format: | Thesis Book |
| Language: | English |
| Published: |
Kuala Lumpur,
1988.
|
| Subjects: | |
| Tags: |
Add Tag
No Tags, Be the first to tag this record!
|
| LEADER | 01152cam a2200301 4500 | ||
|---|---|---|---|
| 001 | u84529 | ||
| 003 | SIRSI | ||
| 008 | 891219s1988 my mt q00 1b eng m | ||
| 035 | |a AAJ-1916 | ||
| 040 | |a UMM | ||
| 043 | |a a-my--- | ||
| 090 | |a PL2724 |b S938ZH | ||
| 091 | |a Microfilm 2233 | ||
| 100 | 1 | 0 | |a Heng, Kay Song. |
| 245 | 1 | 0 | |a Su Manshu [1884-1918] : |b a study of his literary works and his contribution to Chinese literature / |c by Heng Kay Song. |
| 260 | |a Kuala Lumpur, |c 1988. | ||
| 300 | |a v, 204 leaves ; |c 30cm. | ||
| 500 | |a Also available on microfilm. Kuala Lumpur : Perpustakaan Universiti Malaya, 1996. 1 reel : negative ; 35 mm. | ||
| 500 | |a Refer Microfilm 2230 | ||
| 502 | |a Dissertation (M.A.) - Universiti Malaya, 1988. | ||
| 504 | |a Bibliography: leaves 196-204. | ||
| 600 | 1 | 0 | |a Su, Hsuan Ying, |c 1884-1918. |
| 650 | 0 | |a Chinese poetry |y 20th century. | |
| 650 | 0 | |a Chinese fiction |y 20th century. | |
| 948 | |a 17/03/1991 |b 25/11/2000 | ||
| 596 | |a 1 | ||
| 999 | |a PL2724 S938ZH |w LC |c 1 |i A010644994 |d 10/1/2001 |l STACKS |m P01UTAMA |n 3 |r Y |s Y |t TESIS |u 21/12/1991 | ||
| 999 | |a PL2724 S938ZH |w LC |c 2 |i A004662977 |l STACKS |m P01UTAMA |r Y |s Y |t TESIS |u 24/3/1992 | ||
